|
|
|
|
| LEADER |
03846nas a2200685 a 4500 |
| 001 |
c000185841 |
| 003 |
CARM |
| 005 |
20050906105417.0 |
| 008 |
771114d18791950ilumr1p 0 a0eng d |
| 010 |
|
|
|a 93669001
|z sc 79002620
|
| 019 |
1 |
|
|a 1386704
|5 LACONCORD2021
|
| 022 |
0 |
|
|a 0093-0326
|y 0003-9950
|
| 030 |
|
|
|a AROPAW
|
| 035 |
|
|
|a (OCoLC)3416289
|5 LACONCORD2021
|
| 040 |
|
|
|a LC
|b eng
|c LC
|d VBRIM
|
| 042 |
|
|
|a nsdp
|a lc
|
| 050 |
0 |
0 |
|a RE1
|b .A62
|
| 060 |
0 |
0 |
|a W1 AR457C
|
| 082 |
0 |
0 |
|a 617
|2 11
|
| 210 |
0 |
|
|a Arch. ophthalmol.
|b (1879)
|
| 222 |
|
0 |
|a Archives of ophthalmology
|b (1879)
|
| 245 |
0 |
0 |
|a Archives of ophthalmology.
|
| 260 |
|
|
|a Chicago, :
|b American Medical Association.
|
| 300 |
|
|
|a 94 v. :
|b ill., ports.
|
| 310 |
|
|
|a Monthly
|
| 362 |
0 |
|
|a v. 8-57, 1879-1928; new ser. v. 1-44, no. 3, Jan. 1929-Sept. 1950.
|
| 510 |
2 |
|
|a Chemical abstracts
|x 0009-2258
|
| 515 |
|
|
|a New ser. v. 1-41, no. 2 also called old ser. v. 58-98.
|
| 555 |
|
|
|a Vols. 22-28, 1893-1899, with v. 28.
|
| 555 |
|
|
|a Vols. 29-35, 1900-1906, with v. 35.
|
| 555 |
|
|
|a Vols. 36-42, 1907-1913, with v. 42.
|
| 650 |
|
0 |
|a Ophthalmology
|v Periodicals.
|
| 710 |
2 |
|
|a American Medical Association.
|
| 780 |
0 |
1 |
|t Archives of ophthalmology and otology
|x 0092-5624
|w (OCoLC)1513885
|
| 785 |
0 |
0 |
|t A.M.A. archives of ophthalmology
|x 0096-6339
|w (OCoLC)1781650
|
| 852 |
8 |
|
|b CARM
|h A2:AP14G0
|i C07192
|p 0258669
|f SE
|
| 852 |
8 |
|
|b CARM
|h A2:AP13E0
|i C07225
|p 0258777
|f SE
|
| 852 |
8 |
|
|b CARM
|h A2:AP13E0
|i C07224
|p 0258778
|f SE
|
| 852 |
8 |
|
|b CARM
|h A2:AP13E0
|i C07224
|p 0258779
|f SE
|
| 852 |
8 |
|
|b CARM
|h A2:AP13D0
|i C07220
|p 0258780
|f SE
|
| 852 |
8 |
|
|b CARM
|h A2:AP20G0
|i C07247
|p 0258786
|f SE
|
| 852 |
8 |
|
|b CARM
|h A2:AP19D0
|i C07240
|p 0258787
|f SE
|
| 852 |
8 |
|
|b CARM
|h A2:AP19D0
|i C07238
|p 0258788
|f SE
|
| 852 |
8 |
|
|b CARM
|h A2:AP20G0
|i C07251
|p 0258840
|f SE
|
| 852 |
8 |
|
|b CARM
|h A2:AP20D0
|i C07253
|p 0258841
|f SE
|
| 852 |
8 |
|
|b CARM
|h A2:AP20G0
|i C07252
|p 0258842
|f SE
|
| 866 |
|
0 |
|a 30:02(1901:03)-55:03(1926:05);n.s.1(1929)-44(1950) Inc.
|
| 866 |
|
0 |
|a 30:02(1901:03)-55:03(1926:05);n.s.1(1929)-44(1950) Inc.
|
| 999 |
f |
f |
|i e4ffc6e3-212a-5486-b53d-49bb9ebc9b43
|s 397344eb-a971-5133-ad6e-5f36da3f8c17
|
| 952 |
f |
f |
|p Can circulate
|a CAVAL
|b CAVAL
|c CAVAL
|d CARM 1 Store
|e C07251
|f A2:AP20G0
|h Other scheme
|i book
|k n.s.43(1950)
|m 0258840
|
| 952 |
f |
f |
|p Can circulate
|a CAVAL
|b CAVAL
|c CAVAL
|d CARM 1 Store
|e C07225
|f A2:AP13E0
|h Other scheme
|i book
|k 35(1906)-38(1909),41(1912)-42(1913)
|m 0258777
|
| 952 |
f |
f |
|p Can circulate
|a CAVAL
|b CAVAL
|c CAVAL
|d CARM 1 Store
|e C07238
|f A2:AP19D0
|h Other scheme
|i book
|k n.s.21(1939)-23(1940)
|m 0258788
|
| 952 |
f |
f |
|p Can circulate
|a CAVAL
|b CAVAL
|c CAVAL
|d CARM 1 Store
|e C07247
|f A2:AP20G0
|h Other scheme
|i book
|k 32(1903)
|m 0258786
|
| 952 |
f |
f |
|p Can circulate
|a CAVAL
|b CAVAL
|c CAVAL
|d CARM 1 Store
|e C07252
|f A2:AP20G0
|h Other scheme
|i book
|k n.s.34(1945)-42(1949),44(1950)
|m 0258842
|
| 952 |
f |
f |
|p Can circulate
|a CAVAL
|b CAVAL
|c CAVAL
|d CARM 1 Store
|e C07192
|f A2:AP14G0
|h Other scheme
|i book
|k n.s.13:04(1935:04)-13:05(1935:05),14:01(1935:07)-14:02(1935:08),15:01(1936:01)-15:03(1936:03),15:05(1936:05)-20(1938)
|m 0258669
|
| 952 |
f |
f |
|p Can circulate
|a CAVAL
|b CAVAL
|c CAVAL
|d CARM 1 Store
|e C07224
|f A2:AP13E0
|h Other scheme
|i book
|k n.s.1(1929)-5:06(1931:06)
|m 0258779
|
| 952 |
f |
f |
|p Can circulate
|a CAVAL
|b CAVAL
|c CAVAL
|d CARM 1 Store
|e C07220
|f A2:AP13D0
|h Other scheme
|i book
|k n.s.24(1940)
|m 0258780
|
| 952 |
f |
f |
|p Can circulate
|a CAVAL
|b CAVAL
|c CAVAL
|d CARM 1 Store
|e C07240
|f A2:AP19D0
|h Other scheme
|i book
|k n.s.6(1931)-10:05(1933:11),11(1934)-12(1934)
|m 0258787
|
| 952 |
f |
f |
|p Can circulate
|a CAVAL
|b CAVAL
|c CAVAL
|d CARM 1 Store
|e C07224
|f A2:AP13E0
|h Other scheme
|i book
|k 30:02(1901:03),40:01(1911:01),43(1914),46:03(1917:05),48:06(1919:11),54:01(1925:01),55:02(1926:03)-55:03(1926:05)
|m 0258778
|
| 952 |
f |
f |
|p Can circulate
|a CAVAL
|b CAVAL
|c CAVAL
|d CARM 1 Store
|e C07253
|f A2:AP20D0
|h Other scheme
|i book
|k n.s.25(1941)-33(1945)
|m 0258841
|